000 00279nam a22001217a 4500
040 _cSK
082 _a299
100 _aHUOT KONGHEANG
245 _aReservoir fisheries lecture note; អាងស្ដុកជលផល
260 _aRUA
_bHUO
_cNA
300 _a46p.
942 _cEK
999 _c9039
_d9039